[Event "World Youth & Cadets Rapid Championships"]
[Site "Rhodes, Greece"]
[Date "2022.05.01"]
[Round "2.34"]
[White "Mihelic, Vesna"]
[Black "Omonova, Umida"]
[Result "0-1"]
[TimeControl "10'/game & 5\"/move"]
[WhiteElo "1924"]
[BlackElo "1856"]

1. e4 {[%clk 00:10:08]} {[%emt 00:00:01]} c5 {[%clk 00:10:08]} {[%emt
00:00:03]} 2. Nf3 {[%clk 00:10:12]} {[%emt 00:00:01]} Nc6 {[%clk 00:10:12]}
{[%emt 00:00:01]} 3. Bb5 {[%clk 00:10:14]} {[%emt 00:00:02]} g6 {[%clk
00:10:16]} {[%emt 00:00:01]} 4. O-O {[%clk 00:10:16]} {[%emt 00:00:03]} Bg7
{[%clk 00:10:20]} {[%emt 00:00:01]} 5. Re1 {[%clk 00:10:18]} {[%emt 00:00:03]}
e6 {[%clk 00:10:21]} {[%emt 00:00:04]} 6. c3 {[%clk 00:10:12]} {[%emt
00:00:11]} a6 {[%clk 00:10:08]} {[%emt 00:00:18]} 7. Bxc6 {[%clk 00:10:04]}
{[%emt 00:00:13]} dxc6 {[%clk 00:10:12]} {[%emt 00:00:01]} 8. d4 {[%clk
00:10:08]} {[%emt 00:00:01]} cxd4 {[%clk 00:10:16]} {[%emt 00:00:02]} 9. cxd4
{[%clk 00:10:11]} Ne7 {[%clk 00:10:19]} {[%emt 00:00:02]} 10. Nc3 {[%clk
00:10:12]} {[%emt 00:00:03]} O-O {[%clk 00:10:22]} {[%emt 00:00:02]} 11. Bf4
{[%clk 00:09:41]} {[%emt 00:00:36]} b5 {[%clk 00:10:16]} {[%emt 00:00:12]} 12.
Rc1 {[%clk 00:09:24]} {[%emt 00:00:22]} Bb7 {[%clk 00:10:18]} {[%emt 00:00:03]}
13. Qd2 {[%clk 00:08:43]} {[%emt 00:00:47]} Re8 {[%clk 00:10:08]} {[%emt
00:00:15]} 14. Ne5 {[%clk 00:08:13]} {[%emt 00:00:34]} Rc8 {[%clk 00:10:00]}
{[%emt 00:00:13]} 15. Qe3 {[%clk 00:08:07]} {[%emt 00:00:11]} f6 {[%clk
00:09:24]} {[%emt 00:00:42]} 16. Nd3 {[%clk 00:07:57]} {[%emt 00:00:15]} g5
{[%clk 00:09:24]} {[%emt 00:00:04]} 17. Bg3 {[%clk 00:07:59]} {[%emt 00:00:04]}
Ng6 {[%clk 00:09:26]} {[%emt 00:00:03]} 18. Nc5 {[%clk 00:07:54]} {[%emt
00:00:09]} Ba8 {[%clk 00:08:54]} {[%emt 00:00:37]} 19. Ne2 {[%clk 00:07:50]}
{[%emt 00:00:08]} f5 {[%clk 00:08:43]} {[%emt 00:00:16]} 20. exf5 {[%clk
00:06:22]} {[%emt 00:01:33]} exf5 {[%clk 00:08:47]} {[%emt 00:00:03]} 21. Qb3+
{[%clk 00:06:26]} {[%emt 00:00:01]} Qd5 {[%clk 00:08:50]} {[%emt 00:00:01]} 22.
Qxd5+ {[%clk 00:05:51]} {[%emt 00:00:40]} cxd5 {[%clk 00:08:54]} 23. f3 {[%clk
00:05:55]} {[%emt 00:00:01]} f4 {[%clk 00:08:29]} {[%emt 00:00:30]} 24. Bf2
{[%clk 00:05:59]} a5 {[%clk 00:08:33]} {[%emt 00:00:01]} 25. Nc3 {[%clk
00:05:55]} {[%emt 00:00:09]} Bc6 {[%clk 00:08:22]} {[%emt 00:00:16]} 26. a3
{[%clk 00:05:23]} {[%emt 00:00:37]} Ne7 {[%clk 00:07:44]} {[%emt 00:00:43]} 27.
Re6 {[%clk 00:05:17]} {[%emt 00:00:11]} Nf5 {[%clk 00:07:47]} {[%emt 00:00:02]}
28. Rce1 {[%clk 00:04:33]} {[%emt 00:00:49]} Rxe6 {[%clk 00:06:26]} {[%emt
00:01:26]} 29. Nxe6 {[%clk 00:04:15]} {[%emt 00:00:23]} Bf6 {[%clk 00:06:25]}
{[%emt 00:00:05]} 30. g4 {[%clk 00:04:03]} {[%emt 00:00:18]} fxg3 {[%clk
00:06:29]} {[%emt 00:00:02]} 31. hxg3 {[%clk 00:04:07]} {[%emt 00:00:01]} Re8
{[%clk 00:06:29]} {[%emt 00:00:04]} 32. f4 {[%clk 00:03:01]} {[%emt 00:01:11]}
gxf4 {[%clk 00:05:34]} {[%emt 00:01:00]} 33. Nxf4 {[%clk 00:01:59]} {[%emt
00:01:07]} Rxe1+ {[%clk 00:05:37]} {[%emt 00:00:02]} 34. Bxe1 {[%clk 00:02:03]}
Bxd4+ {[%clk 00:05:33]} {[%emt 00:00:09]} 35. Kh2 {[%clk 00:01:59]} {[%emt
00:00:09]} Ne3 {[%clk 00:05:29]} {[%emt 00:00:09]} 36. Ne6 {[%clk 00:01:41]}
{[%emt 00:00:24]} Bb6 {[%clk 00:05:19]} {[%emt 00:00:14]} 37. Ne2 {[%clk
00:01:27]} {[%emt 00:00:19]} Bd7 {[%clk 00:03:44]} {[%emt 00:01:41]} 38. N6d4
{[%clk 00:01:07]} {[%emt 00:00:24]} Bg4 {[%clk 00:03:05]} {[%emt 00:00:44]} 39.
Bc3 {[%clk 00:00:09]} {[%emt 00:01:04]} Kf7 {[%clk 00:02:23]} {[%emt 00:00:47]}
40. Nf4 {[%clk 00:00:08]} {[%emt 00:00:05]} b4 {[%clk 00:02:26]} {[%emt
00:00:02]} 41. axb4 {[%clk 00:00:10]} {[%emt 00:00:03]} axb4 {[%clk 00:02:31]}
42. Bxb4 {[%clk 00:00:07]} {[%emt 00:00:08]} Bxd4 {[%clk 00:02:35]} {[%emt
00:00:01]} 43. Nd3 {[%clk 00:00:10]} {[%emt 00:00:02]} Bf5 {[%clk 00:02:35]}
{[%emt 00:00:05]} 44. Nf4 {[%clk 00:00:13]} {[%emt 00:00:02]} Bxb2 {[%emt
00:00:03]} 45. Bd2 {[%clk 00:00:16]} {[%emt 00:00:02]} Nf1+ {[%clk 00:02:42]}
0-1

[Event "World Youth & Cadets Rapid Championships"]
[Site "Rhodes, Greece"]
[Date "2022.05.01"]
[Round "2.35"]
[White "Sala, Giulia"]
[Black "Chuchukova, Stefani"]
[Result "1-0"]
[TimeControl "10'/game & 5\"/move"]
[WhiteElo "1889"]
[BlackElo "1595"]

1. e4 {[%clk 00:10:08]} {[%emt 00:00:02]} e5 {[%clk 00:10:06]} {[%emt
00:00:04]} 2. Nf3 {[%clk 00:10:12]} {[%emt 00:00:01]} Nc6 {[%clk 00:10:10]}
{[%emt 00:00:01]} 3. Bc4 {[%clk 00:10:16]} Bc5 {[%clk 00:10:14]} {[%emt
00:00:01]} 4. O-O {[%clk 00:10:19]} {[%emt 00:00:02]} Nf6 {[%clk 00:10:17]}
{[%emt 00:00:02]} 5. d3 {[%clk 00:10:23]} d6 {[%clk 00:10:18]} {[%emt
00:00:04]} 6. c3 {[%clk 00:10:26]} {[%emt 00:00:02]} O-O {[%clk 00:10:11]}
{[%emt 00:00:11]} 7. Nbd2 {[%clk 00:10:30]} {[%emt 00:00:02]} a6 {[%clk
00:10:12]} {[%emt 00:00:04]} 8. Bb3 {[%clk 00:10:34]} {[%emt 00:00:01]} Ba7
{[%clk 00:09:53]} {[%emt 00:00:24]} 9. h3 {[%clk 00:10:37]} {[%emt 00:00:02]}
Be6 {[%clk 00:09:50]} {[%emt 00:00:09]} 10. Bxe6 {[%clk 00:10:30]} {[%emt
00:00:12]} fxe6 {[%clk 00:09:53]} 11. Qb3 {[%clk 00:10:16]} {[%emt 00:00:19]}
Qd7 {[%clk 00:09:44]} {[%emt 00:00:14]} 12. Re1 {[%clk 00:10:18]} {[%emt
00:00:03]} b5 {[%clk 00:09:35]} {[%emt 00:00:15]} 13. Nf1 {[%clk 00:10:20]}
{[%emt 00:00:03]} Kh8 {[%clk 00:09:29]} {[%emt 00:00:10]} 14. Be3 {[%clk
00:10:19]} {[%emt 00:00:06]} Nh5 {[%clk 00:09:11]} {[%emt 00:00:23]} 15. d4
{[%clk 00:09:07]} {[%emt 00:01:17]} exd4 {[%clk 00:08:56]} {[%emt 00:00:20]} 16.
cxd4 {[%clk 00:08:57]} {[%emt 00:00:15]} d5 {[%clk 00:08:25]} {[%emt 00:00:36]}
17. e5 {[%clk 00:08:33]} {[%emt 00:00:29]} Qf7 {[%clk 00:07:57]} {[%emt
00:00:33]} 18. Qc2 {[%clk 00:08:20]} {[%emt 00:00:18]} Na5 {[%clk 00:07:27]}
{[%emt 00:00:34]} 19. Ng5 {[%clk 00:08:16]} {[%emt 00:00:09]} Qg8 {[%clk
00:07:27]} {[%emt 00:00:07]} 20. Qxc7 {[%clk 00:07:41]} {[%emt 00:00:40]} Nc4
{[%clk 00:07:26]} {[%emt 00:00:05]} 21. Qe7 {[%clk 00:07:05]} {[%emt 00:00:40]}
h6 {[%clk 00:07:01]} {[%emt 00:00:32]} 22. Nxe6 {[%clk 00:06:41]} {[%emt
00:00:29]} Rfe8 {[%clk 00:07:04]} {[%emt 00:00:02]} 23. Qh4 {[%clk 00:06:44]}
Qxe6 {[%clk 00:06:08]} {[%emt 00:01:01]} 24. Qxh5 {[%clk 00:06:47]} Rf8 {[%clk
00:06:01]} {[%emt 00:00:13]} 25. Qe2 {[%clk 00:06:16]} {[%emt 00:00:34]} Qg6
{[%clk 00:05:35]} {[%emt 00:00:33]} 26. b3 {[%clk 00:06:01]} {[%emt 00:00:20]}
Nb6 {[%clk 00:05:30]} {[%emt 00:00:10]} 27. Qg4 {[%clk 00:05:52]} {[%emt
00:00:13]} Qh7 {[%clk 00:05:14]} {[%emt 00:00:22]} 28. Ng3 {[%clk 00:05:50]}
{[%emt 00:00:06]} Nc8 {[%clk 00:04:54]} {[%emt 00:00:27]} 29. Rac1 {[%clk
00:05:49]} {[%emt 00:00:06]} Ne7 {[%clk 00:04:43]} {[%emt 00:00:15]} 30. Rc7
{[%clk 00:05:41]} {[%emt 00:00:12]} Ng6 {[%clk 00:04:34]} {[%emt 00:00:15]} 31.
Nh5 {[%clk 00:05:40]} {[%emt 00:00:05]} Rg8 {[%clk 00:03:50]} {[%emt 00:00:50]}
32. Nf6 {[%clk 00:05:34]} {[%emt 00:00:11]} gxf6 {[%clk 00:03:54]} {[%emt
00:00:01]} 33. Rxh7+ {[%clk 00:05:37]} {[%emt 00:00:01]} Kxh7 {[%clk 00:03:58]}
34. Qh5 {[%clk 00:05:10]} {[%emt 00:00:33]} Kg7 {[%clk 00:03:44]} {[%emt
00:00:19]} 35. Qxh6+ {[%clk 00:04:52]} {[%emt 00:00:23]} Kf7 {[%clk 00:03:48]}
{[%emt 00:00:01]} 36. e6+ {[%clk 00:04:37]} {[%emt 00:00:20]} Ke7 {[%clk
00:03:46]} {[%emt 00:00:07]} 37. Qh7+ {[%clk 00:04:37]} {[%emt 00:00:02]} 1-0

[Event "World Youth & Cadets Rapid Championships"]
[Site "Rhodes, Greece"]
[Date "2022.05.01"]
[Round "2.36"]
[White "Katter, Marlene"]
[Black "Starosta, Martyna"]
[Result "0-1"]
[TimeControl "10'/game & 5\"/move"]
[WhiteElo "1674"]
[BlackElo "1889"]

1. d4 {[%clk 00:10:09]} Nf6 {[%clk 00:10:08]} {[%emt 00:00:02]} 2. Bf4 {[%clk
00:10:12]} {[%emt 00:00:02]} b6 {[%clk 00:10:10]} {[%emt 00:00:03]} 3. e3
{[%clk 00:10:14]} {[%emt 00:00:03]} Bb7 {[%clk 00:10:14]} {[%emt 00:00:01]} 4.
Nf3 {[%clk 00:10:17]} {[%emt 00:00:03]} g6 {[%clk 00:10:16]} {[%emt 00:00:03]}
5. Be2 {[%clk 00:10:19]} {[%emt 00:00:02]} Bg7 {[%clk 00:10:20]} {[%emt
00:00:01]} 6. O-O {[%clk 00:10:14]} {[%emt 00:00:10]} d6 {[%clk 00:10:20]}
{[%emt 00:00:06]} 7. h3 {[%clk 00:10:17]} {[%emt 00:00:01]} O-O {[%clk
00:10:19]} {[%emt 00:00:07]} 8. c3 {[%clk 00:10:12]} {[%emt 00:00:10]} Nbd7
{[%clk 00:10:08]} {[%emt 00:00:15]} 9. Nbd2 {[%clk 00:10:01]} {[%emt 00:00:17]}
c5 {[%clk 00:10:11]} {[%emt 00:00:01]} 10. a4 {[%clk 00:09:44]} {[%emt
00:00:23]} a6 {[%clk 00:10:11]} {[%emt 00:00:05]} 11. Qc2 {[%clk 00:09:03]}
{[%emt 00:00:45]} Qc7 {[%clk 00:09:55]} {[%emt 00:00:21]} 12. Bh2 {[%clk
00:08:36]} {[%emt 00:00:32]} Rac8 {[%clk 00:09:13]} {[%emt 00:00:48]} 13. Rfd1
{[%clk 00:07:49]} {[%emt 00:00:51]} Rfe8 {[%clk 00:08:15]} {[%emt 00:01:03]} 14.
Rac1 {[%clk 00:06:34]} {[%emt 00:01:21]} Qb8 {[%clk 00:07:53]} {[%emt
00:00:26]} 15. Qb1 {[%clk 00:06:22]} {[%emt 00:00:18]} Qa8 {[%clk 00:07:36]}
{[%emt 00:00:22]} 16. b4 {[%clk 00:06:17]} {[%emt 00:00:10]} Ne4 {[%clk
00:06:56]} {[%emt 00:00:45]} 17. Nc4 {[%clk 00:05:45]} {[%emt 00:00:37]} cxd4
{[%clk 00:05:18]} {[%emt 00:01:43]} 18. cxd4 {[%clk 00:03:01]} {[%emt
00:02:49]} d5 {[%clk 00:05:19]} {[%emt 00:00:04]} 19. Nce5 {[%clk 00:03:00]}
{[%emt 00:00:05]} Nxe5 {[%clk 00:05:16]} {[%emt 00:00:08]} 20. Nxe5 {[%clk
00:02:31]} {[%emt 00:00:35]} Nc3 {[%clk 00:05:19]} {[%emt 00:00:02]} 21. Qd3
{[%clk 00:02:28]} {[%emt 00:00:08]} Nxd1 {[%clk 00:05:15]} {[%emt 00:00:09]} 22.
Rxd1 {[%clk 00:02:26]} {[%emt 00:00:07]} Red8 {[%clk 00:04:46]} {[%emt
00:00:34]} 23. Bg4 {[%clk 00:02:27]} {[%emt 00:00:04]} e6 {[%clk 00:04:14]}
{[%emt 00:00:37]} 24. h4 {[%clk 00:02:08]} {[%emt 00:00:23]} Bc6 {[%clk
00:03:30]} {[%emt 00:00:49]} 25. Ra1 {[%clk 00:01:05]} {[%emt 00:01:09]} Be8
{[%clk 00:02:32]} {[%emt 00:01:02]} 26. Bg3 {[%clk 00:01:00]} {[%emt 00:00:11]}
Bxe5 {[%clk 00:01:59]} {[%emt 00:00:37]} 27. Bxe5 {[%clk 00:01:02]} {[%emt
00:00:03]} Qc6 {[%clk 00:02:03]} {[%emt 00:00:01]} 28. Qxa6 {[%clk 00:00:48]}
{[%emt 00:00:19]} Ra8 {[%clk 00:01:54]} {[%emt 00:00:14]} 29. Qe2 {[%clk
00:00:40]} {[%emt 00:00:13]} Rxa4 {[%clk 00:01:46]} {[%emt 00:00:14]} 30. Rxa4
{[%clk 00:00:45]} {[%emt 00:00:01]} Qxa4 {[%clk 00:01:25]} {[%emt 00:00:25]} 31.
Bc7 {[%clk 00:00:48]} {[%emt 00:00:01]} Rc8 {[%clk 00:01:17]} {[%emt 00:00:14]}
32. Bxb6 {[%clk 00:00:48]} {[%emt 00:00:05]} Qxb4 {[%clk 00:00:50]} {[%emt
00:00:31]} 33. Bc5 {[%clk 00:00:49]} {[%emt 00:00:04]} Qc4 {[%clk 00:00:54]} 34.
Qf3 {[%clk 00:00:44]} {[%emt 00:00:10]} f5 {[%clk 00:00:44]} {[%emt 00:00:16]}
35. Bh3 {[%clk 00:00:48]} Rxc5 {[%clk 00:00:20]} {[%emt 00:00:29]} 36. dxc5
{[%clk 00:00:51]} {[%emt 00:00:02]} Qxc5 {[%clk 00:00:24]} {[%emt 00:00:01]} 37.
g3 {[%clk 00:00:50]} {[%emt 00:00:05]} Bb5 {[%clk 00:00:26]} {[%emt 00:00:04]}
38. Qf4 {[%clk 00:00:38]} {[%emt 00:00:17]} Bd3 {[%clk 00:00:14]} {[%emt
00:00:18]} 39. Qb8+ {[%clk 00:00:40]} {[%emt 00:00:03]} Kf7 {[%clk 00:00:18]}
40. Qe5 {[%clk 00:00:29]} {[%emt 00:00:15]} Be4 {[%clk 00:00:18]} {[%emt
00:00:06]} 41. Bg2 {[%clk 00:00:23]} {[%emt 00:00:10]} Qc1+ {[%clk 00:00:15]}
{[%emt 00:00:08]} 42. Kh2 {[%clk 00:00:26]} {[%emt 00:00:01]} Qc2 {[%clk
00:00:19]} {[%emt 00:00:01]} 43. Qf4 {[%clk 00:00:26]} {[%emt 00:00:05]} Bxg2
{[%clk 00:00:18]} {[%emt 00:00:07]} 44. Kxg2 {[%clk 00:00:30]} {[%emt
00:00:01]} Qe4+ {[%clk 00:00:22]} {[%emt 00:00:02]} 45. Qxe4 {[%clk 00:00:31]}
{[%emt 00:00:03]} fxe4 {[%clk 00:00:25]} {[%emt 00:00:02]} 46. f3 {[%clk
00:00:32]} {[%emt 00:00:04]} exf3+ {[%clk 00:00:27]} {[%emt 00:00:03]} 47. Kxf3
{[%clk 00:00:36]} {[%emt 00:00:01]} Kf6 {[%clk 00:00:31]} 48. Kf4 {[%clk
00:00:39]} {[%emt 00:00:02]} e5+ {[%clk 00:00:36]} {[%emt 00:00:01]} 49. Kf3
{[%clk 00:00:42]} {[%emt 00:00:01]} h5 {[%clk 00:00:35]} {[%emt 00:00:06]} 50.
g4 {[%clk 00:00:33]} {[%emt 00:00:14]} e4+ {[%clk 00:00:36]} {[%emt 00:00:04]}
51. Kf4 {[%clk 00:00:36]} {[%emt 00:00:02]} hxg4 {[%clk 00:00:35]} {[%emt
00:00:06]} 52. Kxg4 {[%clk 00:00:40]} {[%emt 00:00:01]} Ke5 {[%clk 00:00:25]}
{[%emt 00:00:16]} 53. Kg5 {[%clk 00:00:32]} {[%emt 00:00:13]} d4 {[%clk
00:00:29]} 54. exd4+ {[%clk 00:00:31]} {[%emt 00:00:06]} Kxd4 {[%clk 00:00:33]}
55. Kxg6 {[%clk 00:00:34]} {[%emt 00:00:02]} e3 {[%clk 00:00:37]} 56. h5 {[%clk
00:00:38]} {[%emt 00:00:01]} e2 {[%clk 00:00:42]} 57. h6 {[%clk 00:00:41]}
{[%emt 00:00:01]} e1=Q {[%clk 00:00:45]} {[%emt 00:00:02]} 58. h7 {[%clk
00:00:43]} {[%emt 00:00:04]} Qe5 {[%clk 00:00:49]} 59. Kh6 {[%clk 00:00:31]}
{[%emt 00:00:16]} Qh8 {[%clk 00:00:53]} {[%emt 00:00:02]} 60. Kg6 {[%clk
00:00:35]} {[%emt 00:00:01]} Ke5 {[%clk 00:00:57]} 0-1

[Event "World Youth & Cadets Rapid Championships"]
[Site "Rhodes, Greece"]
[Date "2022.05.01"]
[Round "2.37"]
[White "Karas, Eugenia"]
[Black "Haapsal, Maria Ioanna"]
[Result "1-0"]
[TimeControl "10'/game & 5\"/move"]
[WhiteElo "1578"]
[BlackElo "1447"]

1. d4 {[%clk 00:10:08]} {[%emt 00:00:02]} Nf6 {[%clk 00:10:09]} {[%emt
00:00:02]} 2. c4 {[%clk 00:10:12]} g6 {[%clk 00:10:12]} {[%emt 00:00:01]} 3.
Nf3 {[%clk 00:10:16]} {[%emt 00:00:01]} Bg7 {[%clk 00:10:16]} {[%emt 00:00:01]}
4. g3 {[%clk 00:10:20]} {[%emt 00:00:02]} d6 {[%clk 00:10:19]} {[%emt
00:00:02]} 5. Bg2 {[%clk 00:10:23]} {[%emt 00:00:01]} O-O {[%clk 00:10:20]}
{[%emt 00:00:03]} 6. O-O {[%clk 00:10:26]} {[%emt 00:00:02]} Nbd7 {[%clk
00:10:25]} 7. Nc3 {[%clk 00:10:28]} {[%emt 00:00:03]} e5 {[%clk 00:10:24]}
{[%emt 00:00:04]} 8. d5 {[%clk 00:10:26]} {[%emt 00:00:09]} a5 {[%clk
00:10:27]} {[%emt 00:00:02]} 9. e4 {[%clk 00:10:29]} {[%emt 00:00:02]} Nc5
{[%clk 00:10:31]} {[%emt 00:00:01]} 10. Re1 {[%clk 00:10:30]} {[%emt 00:00:04]}
Ne8 {[%clk 00:09:54]} {[%emt 00:00:42]} 11. Bg5 {[%clk 00:10:25]} {[%emt
00:00:10]} f6 {[%clk 00:09:48]} {[%emt 00:00:10]} 12. Be3 {[%clk 00:10:28]}
{[%emt 00:00:02]} b6 {[%clk 00:09:50]} {[%emt 00:00:03]} 13. Bxc5 {[%clk
00:09:48]} {[%emt 00:00:46]} bxc5 {[%clk 00:09:54]} {[%emt 00:00:01]} 14. h4
{[%clk 00:08:59]} {[%emt 00:00:53]} f5 {[%clk 00:09:50]} {[%emt 00:00:09]} 15.
Bh3 {[%clk 00:08:14]} {[%emt 00:00:50]} fxe4 {[%clk 00:09:18]} {[%emt
00:00:38]} 16. Ng5 {[%clk 00:07:12]} {[%emt 00:01:07]} Bxh3 {[%clk 00:08:04]}
{[%emt 00:01:19]} 17. Nxh3 {[%clk 00:07:15]} {[%emt 00:00:02]} h6 {[%clk
00:07:30]} {[%emt 00:00:38]} 18. Nxe4 {[%clk 00:07:15]} {[%emt 00:00:05]} Bf6
{[%clk 00:06:55]} {[%emt 00:00:41]} 19. Qg4 {[%clk 00:06:52]} {[%emt 00:00:28]}
Kh7 {[%clk 00:06:48]} {[%emt 00:00:12]} 20. Kg2 {[%clk 00:06:15]} {[%emt
00:00:40]} Qc8 {[%clk 00:06:12]} {[%emt 00:00:43]} 21. Qe2 {[%clk 00:05:24]}
{[%emt 00:00:56]} Ng7 {[%clk 00:05:11]} {[%emt 00:01:06]} 22. f4 {[%clk
00:05:12]} {[%emt 00:00:17]} exf4 {[%clk 00:03:50]} {[%emt 00:01:25]} 23. Nxf6+
{[%clk 00:05:16]} {[%emt 00:00:02]} Rxf6 {[%clk 00:03:44]} {[%emt 00:00:11]} 24.
Nxf4 {[%clk 00:05:19]} Qd7 {[%clk 00:02:43]} {[%emt 00:01:06]} 25. Qe7 {[%clk
00:05:04]} {[%emt 00:00:21]} Rf7 {[%clk 00:01:56]} {[%emt 00:00:52]} 26. Qxd7
{[%clk 00:04:11]} {[%emt 00:00:58]} Rxd7 {[%clk 00:02:00]} {[%emt 00:00:01]} 27.
g4 {[%clk 00:04:05]} {[%emt 00:00:11]} Rdd8 {[%clk 00:01:11]} {[%emt 00:00:53]}
28. Re7 {[%clk 00:03:59]} {[%emt 00:00:12]} Kg8 {[%clk 00:00:14]} {[%emt
00:01:01]} 29. Nxg6 {[%clk 00:03:32]} {[%emt 00:00:32]} Ra7 {[%clk 00:00:08]}
{[%emt 00:00:12]} 30. Rf1 {[%clk 00:03:22]} {[%emt 00:00:15]} Rb7 {[%clk
00:00:10]} {[%emt 00:00:03]} 31. b3 {[%clk 00:03:12]} {[%emt 00:00:15]} a4
{[%clk 00:00:14]} 32. Rff7 {[%clk 00:03:13]} {[%emt 00:00:03]} Ne8 {[%clk
00:00:15]} {[%emt 00:00:04]} 33. Rf8# {[%clk 00:03:15]} {[%emt 00:00:04]} 1-0

[Event "World Youth & Cadets Rapid Championships"]
[Site "Rhodes, Greece"]
[Date "2022.05.01"]
[Round "2.38"]
[White "Barbier-Ramaiah, Riya Aude"]
[Black "Hajdinic, Ema"]
[Result "1-0"]
[TimeControl "10'/game & 5\"/move"]
[WhiteElo "1128"]
[BlackElo "1528"]

1. e4 {[%clk 00:10:09]} {[%emt 00:00:01]} c5 {[%clk 00:10:07]} {[%emt
00:00:03]} 2. Nf3 {[%clk 00:10:12]} {[%emt 00:00:02]} e6 {[%clk 00:10:10]}
{[%emt 00:00:02]} 3. d4 {[%clk 00:10:15]} {[%emt 00:00:01]} cxd4 {[%clk
00:10:14]} {[%emt 00:00:02]} 4. Nxd4 {[%clk 00:10:19]} {[%emt 00:00:01]} Nf6
{[%clk 00:10:18]} {[%emt 00:00:01]} 5. Nc3 {[%clk 00:10:22]} {[%emt 00:00:02]}
Nc6 {[%clk 00:10:22]} {[%emt 00:00:02]} 6. Be3 {[%clk 00:10:17]} {[%emt
00:00:08]} Bb4 {[%clk 00:10:21]} {[%emt 00:00:06]} 7. Bd3 {[%clk 00:09:51]}
{[%emt 00:00:31]} d5 {[%clk 00:09:58]} {[%emt 00:00:28]} 8. Nxc6 {[%clk
00:09:00]} {[%emt 00:00:56]} bxc6 {[%clk 00:10:01]} {[%emt 00:00:03]} 9. exd5
{[%clk 00:08:31]} {[%emt 00:00:33]} exd5 {[%clk 00:09:50]} {[%emt 00:00:17]} 10.
Bd2 {[%clk 00:07:45]} {[%emt 00:00:51]} O-O {[%clk 00:09:31]} {[%emt 00:00:24]}
11. O-O {[%clk 00:07:44]} {[%emt 00:00:05]} Re8 {[%clk 00:09:10]} {[%emt
00:00:27]} 12. Ne2 {[%clk 00:07:13]} {[%emt 00:00:35]} Bd6 {[%clk 00:08:55]}
{[%emt 00:00:21]} 13. Re1 {[%clk 00:06:56]} {[%emt 00:00:21]} Bg4 {[%clk
00:08:40]} {[%emt 00:00:20]} 14. h3 {[%clk 00:06:33]} {[%emt 00:00:29]} Bh5
{[%clk 00:08:37]} {[%emt 00:00:08]} 15. c3 {[%clk 00:06:23]} {[%emt 00:00:14]}
Qb6 {[%clk 00:08:21]} {[%emt 00:00:22]} 16. Qc2 {[%clk 00:05:40]} {[%emt
00:00:47]} Bc5 {[%clk 00:08:15]} {[%emt 00:00:12]} 17. Be3 {[%clk 00:04:09]}
{[%emt 00:01:36]} Bxe3 {[%clk 00:08:13]} {[%emt 00:00:07]} 18. fxe3 {[%clk
00:04:09]} {[%emt 00:00:05]} Qxe3+ {[%clk 00:08:16]} {[%emt 00:00:02]} 19. Kh1
{[%clk 00:03:43]} {[%emt 00:00:30]} Qg3 {[%clk 00:06:59]} {[%emt 00:01:21]} 20.
Nxg3 {[%clk 00:03:20]} {[%emt 00:00:30]} Bg6 {[%clk 00:07:02]} {[%emt
00:00:01]} 21. Bxg6 {[%clk 00:03:22]} {[%emt 00:00:03]} hxg6 {[%clk 00:07:06]}
{[%emt 00:00:02]} 22. Rad1 {[%clk 00:03:12]} {[%emt 00:00:15]} Kf8 {[%clk
00:07:05]} {[%emt 00:00:06]} 23. Kh2 {[%clk 00:03:15]} {[%emt 00:00:01]} a6
{[%clk 00:07:03]} {[%emt 00:00:09]} 24. Qd2 {[%clk 00:03:18]} {[%emt 00:00:01]}
a5 {[%clk 00:07:04]} {[%emt 00:00:04]} 25. Rxe8+ {[%clk 00:03:18]} {[%emt
00:00:05]} Rxe8 {[%clk 00:07:09]} {[%emt 00:00:01]} 26. Re1 {[%clk 00:03:21]}
{[%emt 00:00:01]} Rd8 {[%clk 00:07:12]} {[%emt 00:00:02]} 27. Qd4 {[%clk
00:03:19]} {[%emt 00:00:05]} 1-0